000 00649cam a2200229 4500
001 J3043
008 090401t1995 xxu||||| |||| 00| 0 eng d
035 _a(Sirsi) u52659
041 _aeng
050 _a711.552
110 _aHillier Parker Research
_92002
245 _aShopping centres in the pipeline. - February 1995
260 _aLondon
_bHillier Parker May and Rowden
_c1995
300 _a1 pt. ; 30cm.
350 _a0
650 _aOUT-OF-TOWN DEVELOPMENT
650 _aSHOPPING CENTRES IN THE PIPELINE
650 _aSHOPPING CENTRES
690 _aPROPERTY-COMMERCIAL PROPERTY-RETAIL PROPERTY
942 _n0
948 _c04/03/1997
999 _c93135
_d93135